<?xml version="1.0" encoding="UTF-8"?>
<record
    xmlns:xsi="http://www.w3.org/2001/XMLSchema-instance"
    xsi:schemaLocation="http://www.loc.gov/MARC21/slim http://www.loc.gov/standards/marcxml/schema/MARC21slim.xsd"
    xmlns="http://www.loc.gov/MARC21/slim">

  <leader>01289nam0a2200337 i 4500</leader>
  <controlfield tag="001">RU\NLR\BIBL_A\011599450</controlfield>
  <controlfield tag="005">20260406005909.0</controlfield>
  <datafield tag="010" ind1=" " ind2=" ">
    <subfield code="a">9785919216162</subfield>
    <subfield code="9">4000</subfield>
  </datafield>
  <datafield tag="021" ind1=" " ind2=" ">
    <subfield code="a">RU</subfield>
    <subfield code="b">2017-99711</subfield>
    <subfield code="9">7184</subfield>
  </datafield>
  <datafield tag="035" ind1=" " ind2=" ">
    <subfield code="a">(RuMoRGB)009499210</subfield>
  </datafield>
  <datafield tag="035" ind1=" " ind2=" ">
    <subfield code="a">(NLR Aleph) 011599450</subfield>
  </datafield>
  <datafield tag="090" ind1=" " ind2=" ">
    <subfield code="a">10880337</subfield>
    <subfield code="c">10880337</subfield>
  </datafield>
  <datafield tag="100" ind1=" " ind2=" ">
    <subfield code="a">20180122d2017    c  y0rusy50      ca</subfield>
  </datafield>
  <datafield tag="101" ind1="1" ind2=" ">
    <subfield code="a">rus</subfield>
    <subfield code="c">fre</subfield>
  </datafield>
  <datafield tag="102" ind1=" " ind2=" ">
    <subfield code="a">RU</subfield>
  </datafield>
  <datafield tag="105" ind1=" " ind2=" ">
    <subfield code="a">a|||z|||000ay</subfield>
  </datafield>
  <datafield tag="200" ind1="1" ind2=" ">
    <subfield code="a">&#x421;&#x438;&#x43D;&#x434;&#x431;&#x430;&#x434;-&#x43C;&#x43E;&#x440;&#x435;&#x445;&#x43E;&#x434;</subfield>
    <subfield code="e">[&#x434;&#x43B;&#x44F; &#x43C;&#x43B;&#x430;&#x434;&#x448;&#x435;&#x433;&#x43E; &#x448;&#x43A;&#x43E;&#x43B;&#x44C;&#x43D;&#x43E;&#x433;&#x43E; &#x432;&#x43E;&#x437;&#x440;&#x430;&#x441;&#x442;&#x430;</subfield>
    <subfield code="f">&#x43B;&#x438;&#x442;&#x435;&#x440;&#x430;&#x442;&#x443;&#x440;&#x43D;&#x430;&#x44F; &#x43E;&#x431;&#x440;&#x430;&#x431;&#x43E;&#x442;&#x43A;&#x430; &#x413;&#x44E;&#x434;&#x44E;&#x43B;&#x44C;]</subfield>
    <subfield code="g">&#x445;&#x443;&#x434;&#x43E;&#x436;&#x43D;&#x438;&#x43A;: &#x41A;&#x432;&#x435;&#x43D;&#x442;&#x438;&#x43D; &#x413;&#x440;&#x435;&#x431;&#x430;&#x43D;</subfield>
    <subfield code="g">[&#x43F;&#x435;&#x440;. &#x441; &#x444;&#x440;. &#x42E;. &#x412;&#x43E;&#x43B;&#x447;&#x435;&#x43D;&#x43A;&#x43E;]</subfield>
  </datafield>
  <datafield tag="210" ind1=" " ind2=" ">
    <subfield code="a">&#x41C;&#x43E;&#x441;&#x43A;&#x432;&#x430;</subfield>
    <subfield code="c">&#x42D;&#x43D;&#x430;&#x441;-&#x41A;&#x43D;&#x438;&#x433;&#x430;</subfield>
    <subfield code="d">2017</subfield>
  </datafield>
  <datafield tag="215" ind1=" " ind2=" ">
    <subfield code="a">30, [3] &#x441;.</subfield>
    <subfield code="c">&#x446;&#x432;. &#x438;&#x43B;.</subfield>
    <subfield code="d">28</subfield>
  </datafield>
  <datafield tag="225" ind1="1" ind2=" ">
    <subfield code="a">&#x421;&#x43A;&#x430;&#x437;&#x43E;&#x447;&#x43D;&#x44B;&#x439; &#x43A;&#x430;&#x43B;&#x435;&#x439;&#x434;&#x43E;&#x441;&#x43A;&#x43E;&#x43F;</subfield>
  </datafield>
  <datafield tag="300" ind1=" " ind2=" ">
    <subfield code="a">&#x41D;&#x430; &#x43E;&#x431;&#x43B;. &#x430;&#x432;&#x442;.: &#x41A;&#x432;&#x435;&#x43D;&#x442;&#x438;&#x43D; &#x413;&#x440;&#x435;&#x431;&#x430;&#x43D;</subfield>
  </datafield>
  <datafield tag="333" ind1=" " ind2=" ">
    <subfield code="a">6+</subfield>
  </datafield>
  <datafield tag="686" ind1=" " ind2=" ">
    <subfield code="a">&#x428;9(2)40(5)</subfield>
    <subfield code="2">rubbk</subfield>
  </datafield>
  <datafield tag="686" ind1="0" ind2=" ">
    <subfield code="a">&#x428;9(0)4-2</subfield>
  </datafield>
  <datafield tag="702" ind1=" " ind2="1">
    <subfield code="4">570</subfield>
    <subfield code="8">rus</subfield>
    <subfield code="7">ca</subfield>
    <subfield code="a">&#x413;&#x44E;&#x434;&#x44E;&#x43B;&#x44C;</subfield>
    <subfield code="f">1945-</subfield>
    <subfield code="3">RU\NLR\AUTH\7784470</subfield>
    <subfield code="9">67398</subfield>
  </datafield>
  <datafield tag="702" ind1=" " ind2="1">
    <subfield code="4">040</subfield>
    <subfield code="a">&#x413;&#x440;&#x435;&#x431;&#x430;&#x43D;</subfield>
    <subfield code="b">&#x41A;.</subfield>
    <subfield code="f">1977-</subfield>
    <subfield code="g">&#x41A;&#x432;&#x435;&#x43D;&#x442;&#x438;&#x43D;</subfield>
    <subfield code="3">RU\NLR\AUTH\77115373</subfield>
    <subfield code="9">98298</subfield>
  </datafield>
  <datafield tag="942" ind1=" " ind2=" ">
    <subfield code="c">BOOK</subfield>
  </datafield>
  <datafield tag="980" ind1=" " ind2=" ">
    <subfield code="a">NBR</subfield>
  </datafield>
</record>
